| 000 | 00803nam a22002297a 4500 | ||
|---|---|---|---|
| 003 | DO-SdBNP | ||
| 005 | 20240306183430.0 | ||
| 007 | ta | ||
| 008 | 210909b 2019 dr 00| 0 eng d | ||
| 020 | _a9789945503517 | ||
| 040 |
_aDO-SdBNP _bspa _cBNPHU |
||
| 100 |
_a Ureña Henríquez, Salomé de, _d1850-1897 _983378 |
||
| 245 | 1 |
_aSiempre mis aguas tendrán rumores : _bpoesías / _cSalomé Ureña ; prólogo Consuelo Triviño Anzola |
|
| 260 |
_aSanto Domingo : _bMinisterio de Cultura, _c2019. |
||
| 300 |
_a253 p. ; _c19 cm. |
||
| 490 |
_aBiblioteca Dominicana Básica _v20 |
||
| 500 | _aIncluye datos biográficos de la autora en las solapas | ||
| 700 | 1 |
_aTriviño Anzola, Consuelo, _epról. _979812 |
|
| 830 |
_nBiblioteca Dominicana Básica _p20 _979813 |
||
| 910 | _aBtavárez | ||
| 942 |
_2ddc _cLBS1 |
||
| 999 |
_c50462 _d50462 |
||